000 00337nam a2200121Ia 4500
008 230907s9999||||xx |||||||||||||| ||und||
082 _a155.9042
_bBLO
100 _aBlonna, Richard.
_9116064
245 0 _aCoping with stress in a changing world \
260 _aMcGraw-Hill,
_bDubuque, IA :
_c2012
300 _axii, 367 p. :
942 _cBK
999 _c600931
_d600931